| 000 | 00978cam a2200301 4500 | ||
|---|---|---|---|
| 001 | M1554 | ||
| 008 | 090401t1994 xxu||||| |||| 00| 0 eng d | ||
| 035 | _a(Sirsi) u32791 | ||
| 041 | _aeng | ||
| 050 | _a333.332 | ||
| 090 | _aRICS 1994/54ABCD | ||
| 100 | _aMaitland, Mark Crichton | ||
| 245 | _aExposure draft: forestry valuations guidance note, August 1994. | ||
| 260 |
_aLondon _bRICS _c1994 |
||
| 300 | _a(17)p. ; 30cm. | ||
| 350 | _a0 | ||
| 520 | _aComments to be sent to Janet Carmody by 31 October 1994. Prepared by Mark Crichton Maitland for the RICS Forestry and Woodland Management Skills Panel. | ||
| 650 | _aCONSULTATION DOCUMENTS | ||
| 650 | _aEXPOSURE DRAFT | ||
| 650 | _aFORESTRY AND WOODLAND MANAGEMENT SKILLS PANEL | ||
| 650 | _aVALUATION GUIDANCE NOTES | ||
| 650 |
_aValuation _96273 |
||
| 650 | _aVGN 1 | ||
| 690 | _aRATING AND VALUATION | ||
| 710 |
_aRoyal Institution of Chartered Surveyors _94900 |
||
| 942 | _n0 | ||
| 948 | _c04/03/1997 | ||
| 999 |
_c89759 _d89759 |
||